000 01022caa a22002537a 4500
999 _c407671
_d407671
001 121557
003 UA-OsUOA
005 20191217171138.0
007 ta
008 20170322b un ||||| |||| 00| 0 ukr d
040 _aUA-OsUOA
_bukr
_cUA-OsUOA
_dUA-OsUOA
041 _aukr
080 _a908
090 _a908
_bБ12
100 _aБабакова О.
245 _aБільше свободи, менше рівності та братерства. Політична культура української магнатерії початку XVII століття (на матеріалах біографії князя Януша Острозького)
_cО. Бабакова
300 _aС. 36–53
650 7 _a908 Краєзнавство
_2UDC
773 0 _0406041
_9420020
_dОстрог НаУОА 2014
_o152670
_tОстрозька давнина
_w(UA-OsUOA) 119958
942 _cBKA
_2udc
955 _a2